Process de fabrication: La fabrication du concentré de tomate
保存先:
| 第一著者: | |
|---|---|
| フォーマット: | 図書 |
| 言語: | Undetermined |
| 出版事項: |
Duon, Fr
Educagri
1999
|
| 主題: | |
| タグ: |
タグ追加
タグなし, このレコードへの初めてのタグを付けませんか!
|
| Thư viện lưu trữ: | Trung tâm Học liệu Trường Đại học Cần Thơ |
|---|
| LEADER | 00514nam a2200181Ia 4500 | ||
|---|---|---|---|
| 001 | CTU_56449 | ||
| 008 | 210402s9999 xx 000 0 und d | ||
| 082 | |a 664 | ||
| 082 | |b C697 | ||
| 100 | |a Philippe Mayade | ||
| 245 | 0 | |a Process de fabrication: La fabrication du concentré de tomate | |
| 245 | 0 | |c Philippe Mayade | |
| 260 | |a Duon, Fr | ||
| 260 | |b Educagri | ||
| 260 | |c 1999 | ||
| 650 | |a food,food industry and trade | ||
| 650 | |x biotechology | ||
| 980 | |a Trung tâm Học liệu Trường Đại học Cần Thơ | ||